| 000 | 02185cam a22004934i 4500 | ||
|---|---|---|---|
| 003 | PE-LiUPU | ||
| 005 | 20250731173404.0 | ||
| 008 | 150706s r 000 0 d | ||
| 020 | _a9506760098 | ||
| 020 | _a0825414865 | ||
| 035 | _a(Sirsi) i9789506760090 | ||
| 040 |
_aPE-LiUPU _bspa _cPE-LiUPU _erda |
||
| 049 | _aPRUA | ||
| 082 | 0 | 4 |
_a225.7 _bM82 _221 |
| 100 | 1 |
_aMotyer, J. Alec, _eautor. |
|
| 245 | 1 | 3 |
_aEl mensaje de Filipenses : _bJesucristo, nuestro regocijo / _cJ. Alec Motyer. |
| 264 | 1 |
_aMisiones : _bHebrón ; Portavoz, _c1992. |
|
| 300 |
_a239 páginas : _bilustraciones ; _c21 cm. |
||
| 336 |
_atext _2rdacontent |
||
| 337 |
_aunmediated _2rdamedia |
||
| 338 |
_avolume _2rdacarrier |
||
| 504 | _aIncluye notas de referencia. | ||
| 505 | 0 | _aDefinición de un cristiano -- Líderes desde el llano -- Seguridad -- Creciendo para la gloria -- Ayer, hoy y siempre -- Sufrimiento -- Divisiones -- Mirando hacia adelante -- La iglesia firme -- La vida digna -- La mente de Cristo -- Respuesta divina y humana -- Logrando la semejanza -- Cristianos modelos -- Enojo y alegría -- Ganancias y pérdidas -- Satisfecho -- Hacia la madurez -- Enemigos de la cruz -- Cristo nuestra esperanza -- Mientras tanto -- La paz de Dios y el Dios de la paz -- El cristiano satisfecho -- La gracia del Señor Jesucristo. | |
| 526 | _aSEG42 | ||
| 526 | _aSEG41 | ||
| 526 | _aSEG40 | ||
| 526 | _aSEG39 | ||
| 526 | _aP94 | ||
| 526 | _aP87 | ||
| 526 | _aP86 | ||
| 526 | _aP85 | ||
| 526 | _aP77 | ||
| 526 | _aP76 | ||
| 526 | _aP35 | ||
| 541 | _g001-0000520; | ||
| 630 |
_aBiblia. _pN.T. _pFilipenses _xComentarios. |
||
| 700 | 1 |
_aSomoza, Jorge S., _etrad. |
|
| 910 |
_cjck _d20110804 |
||
| 942 |
_2ddc _cBOOK |
||
| 949 |
_a225.7 M82 _wDEWEY _c1 _i63255 _lCCODEBUL1 _mBUL _p9.00 _r0 _sY _tBOOK _u2015-7-6 _xTEOLOGIA _PP35 _o.STAFF. Colección General |
||
| 994 |
_aC0 _bPEPRU |
||
| 596 | _a1 | ||
| 999 |
_a225.7 M82 _wDEWEY _c52257 _i63255 _f2021-11-9 _g5 _lCCODEBUL1 _mBUL _p9.00 _r0 _sY _tBOOK _u2015-7-6 _xTEOLOGIA _PP35 _0COMPRA _o.STAFF. Colección General _d52257 |
||
| 980 |
_81 _gALBERTO SANCHEZ Responsable de Automatización |
||